The Lord from heaven : (Record no. 20144)
[ view plain ]
| 000 -LEADER | |
|---|---|
| fixed length control field | 00609nam a2200181 4500 |
| 008 - FIXED-LENGTH DATA ELEMENTS--GENERAL INFORMATION | |
| fixed length control field | 040602s1974 enk eng |
| 020 ## - INTERNATIONAL STANDARD BOOK NUMBER | |
| International Standard Book Number | 0851103782 |
| 090 ## - LOCALLY ASSIGNED LC-TYPE CALL NUMBER (OCLC); LOCAL CALL NUMBER (OCLC) | |
| Classification number (OCLC) (R) ; Classification number, CALL (RLIN) (NR) | BT202 |
| Local cutter number (OCLC) ; Book number/undivided call number, CALL (RLIN) | M83l |
| 100 1# - MAIN ENTRY--PERSONAL NAME | |
| Personal name | Morris, Leon |
| 245 10 - TITLE STATEMENT | |
| Title | The Lord from heaven : |
| Remainder of title | a study of the New Testament teaching on the deity and humanity of Jesus Christ / |
| Statement of responsibility, etc | Leon Morris. |
| 250 ## - EDITION STATEMENT | |
| Edition statement | 2nd ed. |
| 260 ## - PUBLICATION, DISTRIBUTION, ETC. (IMPRINT) | |
| Place of publication, distribution, etc | Leicester : |
| Name of publisher, distributor, etc | InterVarsity Press, |
| Date of publication, distribution, etc | c1974. |
| 300 ## - PHYSICAL DESCRIPTION | |
| Extent | 111 p. |
| 600 14 - SUBJECT ADDED ENTRY--PERSONAL NAME | |
| Personal name | Jesus Christ |
| General subdivision | Deity. |
| 600 14 - SUBJECT ADDED ENTRY--PERSONAL NAME | |
| Personal name | Jesus Christ |
| General subdivision | Divinity. |
| 951 ## - EQUIVALENCE OR CROSS-REFERENCE-GEOGRAPHIC NAME/AREA NAME [OBSOLETE] [CAN/MARC only] | |
| General subdivision | 00005238 |
| 998 ## - LOCAL CONTROL INFORMATION (RLIN) | |
| -- | zzBooks |
| 951 ## - EQUIVALENCE OR CROSS-REFERENCE-GEOGRAPHIC NAME/AREA NAME [OBSOLETE] [CAN/MARC only] | |
| -- | 6274 |
| -- | BT202/M83l |
| -- | 070613111358296 |
| -- | 2000-12-21 |
| -- | GC |
| Withdrawn status | Lost status | Damaged status | Not for loan | Home library | Current library | Shelving location | Date acquired | Accession number | Shelving control number | Total Checkouts | Full call number | Barcode | Date last seen | Price effective from | Koha item type |
|---|---|---|---|---|---|---|---|---|---|---|---|---|---|---|---|
| BSOP Library | BSOP Library | GC | 12/21/2000 | 6274 | 127 | BT202/M83l | 00005238 | 02/23/2013 | 02/23/2013 | Books |
